书目信息 |
| 题名: |
犹太警察工会
|
|
| 作者: | 夏邦 著 ;陈震, 译 | |
| 分册: | ||
| 出版信息: | 北京 中信出版集团股份有限公司 2018.08 |
|
| 页数: | 454页 | |
| 开本: | 21cm | |
| 丛书名: | ||
| 单 册: | ||
| 中图分类: | I712.45 | |
| 科图分类: | ||
| 主题词: | 长篇小说--chang pian xiao shuo--美国--现代 | |
| 电子资源: | ||
| ISBN: | 978-7-5086-9038-4 | |
| 000 | 01365nam0 2200277 450 | |
| 001 | CAL 0120182507836 | |
| 005 | 20180831112840.1 | |
| 010 | @a978-7-5086-9038-4@b精装@dCNY68.00 (含手册) | |
| 100 | @a20180830d2018 em y0chiy50 ea | |
| 101 | 1 | @achi@ceng |
| 102 | @aCN@b110000 | |
| 105 | @ay z 000ay | |
| 106 | @ar | |
| 200 | 1 | @a犹太警察工会@Ayou tai jing cha gong hui@d= The yiddish policemen's union@f(美) 迈克尔·夏邦著@F( mei ) mai ke er· xia bang zhu@g陈震译@zeng |
| 210 | @a北京@c中信出版集团股份有限公司@d2018.08 | |
| 215 | @a454页@d21cm@e手册1册 (23页 ; 17cm) | |
| 314 | @a(美) 迈克尔·夏邦, 当代美国作家。陈震, 音乐、文学类译者。 | |
| 330 | @a本书讲述了犹太人在锡特卡联邦特区安居乐业, 是大屠杀和以色列国夭折后的临时庇护之地。如今, 阿拉斯加州将收回锡特卡的管辖权, 他们将再度失去家园。特区警探兰兹曼无瑕顾及两个月后的管辖权移交, 生活一团糟。在他栖身的廉价旅馆中, 一位国际象棋天才被枪杀, 身旁有盘未尽的棋局。他与拍档调查发现, 所有人都称与死者不相熟, 却都为之哀伤。上级下令终止调查, 他只能带着犹太警察工会会员卡继续寻找真相。 | |
| 500 | 10 | @aYiddish policemen's union@mChinese |
| 586 | @a | |
| 606 | 0 | @a长篇小说@Achang pian xiao shuo@y美国@z现代 |
| 690 | @aI712.45@v5 | |
| 701 | 1 | @a夏邦@Axia bang@g(Chabon, Michael)@4著 |
| 702 | 0 | @a陈震,@Achen zhen@f1976-@4译 |
| 801 | 0 | @aCN@c20180830 |
| 905 | @a河南城建学院图书馆@dI712.45@eX174@f2 | |
| 犹太警察工会= The yiddish policemen's union/(美) 迈克尔·夏邦著/陈震译.-北京:中信出版集团股份有限公司,2018.08 |
| 454页;21cm+手册1册 (23页 ; 17cm) |
| ISBN 978-7-5086-9038-4(精装):CNY68.00 (含手册) |
| 本书讲述了犹太人在锡特卡联邦特区安居乐业, 是大屠杀和以色列国夭折后的临时庇护之地。如今, 阿拉斯加州将收回锡特卡的管辖权, 他们将再度失去家园。特区警探兰兹曼无瑕顾及两个月后的管辖权移交, 生活一团糟。在他栖身的廉价旅馆中, 一位国际象棋天才被枪杀, 身旁有盘未尽的棋局。他与拍档调查发现, 所有人都称与死者不相熟, 却都为之哀伤。上级下令终止调查, 他只能带着犹太警察工会会员卡继续寻找真相。 |
| ● |
| 相关链接 |
|
|
|
正题名:犹太警察工会
索取号:I712.45/X174
 
预约/预借
| 序号 | 登录号 | 条形码 | 馆藏地/架位号 | 状态 | 备注 |
| 1 | 1413989 | 214139895 | 文学库116/116文学库 29排4列1层/ [索取号:I712.45/X174] | 在馆 | |
| 2 | 1413990 | 214139902 | 文学库116/116文学库 29排4列1层/ [索取号:I712.45/X174] | 在馆 |